000 00249nam a2200109Ia 4500
005 20251222143134.0
008 251222s9999||||xx |||||||||||||| ||spa||
082 _a338.91/C76
245 0 _aEspacios Iberoamericanos:
264 _bCEPAL
942 _cLIB
999 _c12059
_d12059